<?xml version="1.0" encoding="UTF-8"?>
<record
    xmlns:xsi="http://www.w3.org/2001/XMLSchema-instance"
    xsi:schemaLocation="http://www.loc.gov/MARC21/slim http://www.loc.gov/standards/marcxml/schema/MARC21slim.xsd"
    xmlns="http://www.loc.gov/MARC21/slim">

  <leader>01087nam a2200229 a 4500</leader>
  <controlfield tag="001">BRCA_8904</controlfield>
  <controlfield tag="005">20190320210443.0</controlfield>
  <controlfield tag="008">160617s1747----it-#######---#000-0#ita-#</controlfield>
  <datafield tag="041" ind1=" " ind2=" ">
    <subfield code="a">ita</subfield>
  </datafield>
  <datafield tag="044" ind1=" " ind2=" ">
    <subfield code="a">it</subfield>
  </datafield>
  <datafield tag="084" ind1=" " ind2=" ">
    <subfield code="a">CO99</subfield>
    <subfield code="b">.M34 1747</subfield>
  </datafield>
  <datafield tag="100" ind1="1" ind2=" ">
    <subfield code="a">Maffei, Scipione</subfield>
    <subfield code="d">1675-1755</subfield>
    <subfield code="9">22147</subfield>
  </datafield>
  <datafield tag="245" ind1="1" ind2="0">
    <subfield code="a">La merope</subfield>
    <subfield code="b">tragedia</subfield>
    <subfield code="c">del signor Marchese Scipione Maffei gusta la prima ediciones di moderna del 1713; Con la varie lezioni, trate dalle due ultime Edizioni di Verona; insieme con alcune Operete, colle quali critica, si disende, e ilustra la decta tragedia; Compillate, e raccolte per D. Vicenzo Cavallucci Perugino, e ded&#xED;cate al sereniss. pr&#xED;ncipe, Pietro Grimani, doge di Veneza.</subfield>
  </datafield>
  <datafield tag="260" ind1=" " ind2=" ">
    <subfield code="a">In Venezia</subfield>
    <subfield code="b">Appresso Pietro Bassaglia</subfield>
    <subfield code="c">1747</subfield>
  </datafield>
  <datafield tag="300" ind1=" " ind2=" ">
    <subfield code="a">313 p.</subfield>
    <subfield code="c">23.6 x 16.8 cm</subfield>
  </datafield>
  <datafield tag="500" ind1=" " ind2=" ">
    <subfield code="a">Con licenza de superiori, e privilegio</subfield>
  </datafield>
  <datafield tag="500" ind1=" " ind2=" ">
    <subfield code="a">Estado f&#xED;sico: presenta encuadernaci&#xF3;n en pergamino, carece de cintas y con presencia del pez de plata</subfield>
  </datafield>
  <datafield tag="700" ind1="1" ind2=" ">
    <subfield code="a">Cavalluci Perugino, Vicenzo</subfield>
    <subfield code="9">22148</subfield>
  </datafield>
  <datafield tag="700" ind1="1" ind2=" ">
    <subfield code="a">Pietro Grimani</subfield>
    <subfield code="9">22149</subfield>
  </datafield>
  <datafield tag="902" ind1=" " ind2=" ">
    <subfield code="a">CFM</subfield>
  </datafield>
  <datafield tag="942" ind1=" " ind2=" ">
    <subfield code="2">lcc</subfield>
    <subfield code="c">B</subfield>
  </datafield>
  <datafield tag="999" ind1=" " ind2=" ">
    <subfield code="c">8555</subfield>
    <subfield code="d">8555</subfield>
  </datafield>
  <datafield tag="952" ind1=" " ind2=" ">
    <subfield code="0">0</subfield>
    <subfield code="1">0</subfield>
    <subfield code="4">0</subfield>
    <subfield code="7">0</subfield>
    <subfield code="a">BRCA</subfield>
    <subfield code="b">BRCA</subfield>
    <subfield code="d">2017-06-16</subfield>
    <subfield code="l">0</subfield>
    <subfield code="o">CO99 .M34 1747</subfield>
    <subfield code="p">CFM00227</subfield>
    <subfield code="r">2019-03-22 00:00:00</subfield>
    <subfield code="w">2019-03-22</subfield>
    <subfield code="y">B</subfield>
  </datafield>
</record>
